Bienvenue à la Médiathèque de Saint-Andiol
banniere
Accueil Recherche avancée Mon compte
handi1 Rechercher dans le catalogue

Filtre   Mots-clés
  Recherche avancée
 
Lister les dernières nouveautés
 
Lister les livres GROS CARACTERES
 
Lister les périodiques (magazines)

handi1 Partir un jour

<< Retourner aux résultats de la recherche
Book Cover
Auteur principal : Amélie Bonnin
Autres auteurs : Dimitri Lucas Keren Ann Chilly Gonzales Germain Izydorczyk Theo Kaiser Thomas Krameyer Emma Prat Juliette Armanet Bastien Bouillon François Rollin Tewfik Jallab Dominique Blanc Mohamed Arezki
Titre : Partir un jour
Support :
Langue : Francais
Publié : 2025 Pathé Paris
Genre : Film
Sujets :
Étiquettes :
Pas de tags
LEADER 01859nlm0a2200373 450
001 16867092
100 |a 20250627d2025 u u0frey01 ba 
101 0 |a fre 
102 |a FR 
200 0 |a Partir un jour  |f Amélie Bonnin, réal.  |g Keren Ann, Chilly Gonzales, Germain Izydorczyk, Theo Kaiser, Thomas Krameyer, Emma Prat, comp. - Dimitri Lucas, scénario - Juliette Armanet, Bastien Bouillon, François Rollin, Tewfik Jallab, Dominique Blanc, Mohamed Arezki, ... [et al.] act. 
207 1 |a   
210 |a Paris  |c Pathé  |d 2025 
215 |a 1 DVD 2 couches sur une simple face (01 h 34 mn)  |c 1.85:1, 16/9, coul., (PAL), Son. (Dolby Digital 2.0; français); (Dolby Digital 5 
300 |a Langues principales : français; 
327 |a Entretien avec l'équipe du film. 'Partir un jour' : le court métrage. 
330 |a Alors que Cécile s'apprête à réaliser son rêve, ouvrir son propre restaurant gastronomique, elle doit rentrer dans le village de son enfance à la suite de l'infarctus de son père. Loin de l'agitation parisienne, elle recroise son amour de jeunesse. Ses souvenirs ressurgissent et ses certitudes vacillent... 
464 |a Entretien avec l'équipe du film. 'Partir un jour' : le court métrage. 
700 0 |a Bonnin  |b Amélie  |4 370 
702 0 |a Lucas  |b Dimitri  |4 690 
702 0 |a Ann  |b Keren  |4 230 
702 0 |a Gonzales  |b Chilly  |4 230 
702 0 |a Izydorczyk  |b Germain  |4 230 
702 0 |a Kaiser  |b Theo  |4 230 
702 0 |a Krameyer  |b Thomas  |4 230 
702 0 |a Prat  |b Emma  |4 230 
702 0 |a Armanet  |b Juliette  |4 5 
702 0 |a Bouillon  |b Bastien  |4 5 
702 0 |a Rollin  |b François  |4 5 
702 0 |a Jallab  |b Tewfik  |4 5 
702 0 |a Blanc  |b Dominique  |4 5 
702 0 |a Arezki  |b Mohamed  |4 5 
900 |a Film 
901 |a Adultes 
995 |a Médiathèque  |c Médiathèque  |f 00156008963100  |h 00156008963100  |k F BON  |o p  |q a  |r gf  |e Médiathèque